[Event "36th Balaton Open A 2018"]
[Site "Balatonlelle"]
[Date "2018.06.14"]
[Round "3"]
[White "Hogea, Calin"]
[Black "Forgacs, Jozsef"]
[Result "0-1"]
[WhiteElo "2112"]
[BlackElo "2199"]
[Annotator "NA"]
[PlyCount "44"]
[EventDate "2018.06.12"]
[EventType "swiss"]
[EventCountry "HUN"]
[SourceTitle "playchess.com"]
[Source "ChessBase"]
[SourceQuality "1"]
[TimeControl "40/5400+30:1800+30"]

1. d4 {[%emt 0:00:07]} f5 {[%emt 0:00:41]} 2. e4 {[%emt 0:00:07]} fxe4 {[%emt 0:00:06]} 3. Nc3 {[%emt 0:00:04]} Nf6 {[%emt 0:00:06]} 4. Bg5 {[%emt 0:00:04]} Nc6 {[%emt 0:00:12]} 5. d5 {[%emt 0:00:33]} Ne5 {[%emt 0:00:06]} 6. Qd4 {[%emt 0:00:18]} Nf7 {[%emt 0:00:06]} 7. Bxf6 {[%emt 0:01:07]} exf6 {[%emt 0:01:37]} 8. Nxe4 {[%emt 0:00:13]} Be7 {[%emt 0:02:43]} 9. Bd3 {[%emt 0:02:51]} O-O {[%emt 0:02:15]} 10. O-O-O {[%emt 0:09:30]} f5 {[%emt 0:10:23]} 11. Ng3 {[%emt 0:07:42]} Bf6 {[%emt 0:03:31]} 12. Qa4 {[%emt 0:00:14]} g6 $11 {[%emt 0:00:34]} 13. h4 {[%emt 0:00:28]} c6 {[%emt 0:09:13]} 14. h5 {[%emt 0:08:16]} b5 {[%emt 0:11:36]} 15. Qb3 {[%emt 0:04:16]} c5 {[%emt 0:19:32]} 16. Qxb5 {[%emt 0:04:26]} d6 {[%emt 0:01:29]} 17. hxg6 {[%emt 0:06:16]} hxg6 {[%emt 0:01:11]} 18. f4 {[%emt 0:06:35]} Bd7 {[%emt 0:02:15]} 19. Qc4 {[%emt 0:06:36]} Rb8 {[%emt 0:00:30]} 20. c3 {[%emt 0:03:26]} Bb5 {[%emt 0:01:26]} 21. Qxb5 {[%emt 0:01:49]} Rxb5 {[%emt 0:00:12]} 22. Bxb5 {[%emt 0:00:01]} Qa5 {[%emt 0:00:24]} 0-1

[Event "36th Balaton Open A 2018"]
[Site "Balatonlelle"]
[Date "2018.06.14"]
[Round "3"]
[White "Leszko, Bence"]
[Black "Kaibinger, Karoly"]
[Result "1/2-1/2"]
[WhiteElo "2096"]
[BlackElo "1804"]
[Annotator "NA RC"]
[PlyCount "210"]
[EventDate "2018.06.12"]
[EventType "swiss"]
[EventCountry "HUN"]
[SourceTitle "playchess.com"]
[Source "ChessBase"]
[SourceQuality "1"]
[TimeControl "40/5400+30:1800+30"]

1. e4 {[%emt 0:00:04]} e5 {[%emt 0:00:56]} 2. Nf3 {[%emt 0:00:06]} Nc6 {[%emt 0:00:18]} 3. Nc3 {[%emt 0:00:06]} Nf6 {[%emt 0:01:59]} 4. a3 {[%emt 0:00:09]} Be7 {[%emt 0:01:21]} 5. d4 {[%emt 0:00:13]} d6 {[%emt 0:02:27] C47: Scotch Four Knights and Four Knights with 4 g3} (5... exd4 6. Nxd4 d6 7. Bc4 O-O 8. O-O Nxd4 9. Qxd4 Nd7 10. Nd5 Bf6 11. Nxf6+ Qxf6 12. Be3 Re8 13. Rae1 Ne5 14. Be2 Qg6 15. Bf4 Qf6 16. Be3 Qg6 17. Bf4 Qf6 {½-½ (17) Safarli,E (2639)-Kravtsiv,M (2672) Riadh 2017}) 6. d5 {[%emt 0:00:07]} Nb8 {[%emt 0:00:12]} 7. h3 {[%emt 0:00:23]} O-O {[%emt 0:01:13]} 8. Be3 {[%emt 0:00:21]} Bd7 $146 {[%emt 0:05:21]} ({Predecessor:} 8... Nbd7 9. Be2 Kh8 10. g4 Ng8 11. Qd2 c6 12. O-O-O c5 13. g5 {1-0 (66) Vila Gazquez,X (2457)-Gallardo Retortillo,E (2173) Navalmoral 2009}) 9. g4 {[%emt 0:00:46]} Ne8 {[%emt 0:03:57]} 10. Qd2 {[%emt 0:00:29]} a6 {[%emt 0:02:07]} 11. Rg1 {[%emt 0:02:48]} c5 {[%emt 0:04:21]} 12. g5 {[%emt 0:01:34]} Qc8 {[%emt 0:02:35]} 13. h4 {[%emt 0:00:41]} Bg4 {[%emt 0:00:12]} 14. Be2 {[%emt 0:01:48]} Bh5 {[%emt 0:05:21]} 15. Rg3 {[%emt 0:10:15]} Qc7 {[%emt 0:04:38]} 16. Nh2 {[%emt 0:00:42]} Bxe2 17. Qxe2 {[%emt 0:00:16]} b5 {[%emt 0:02:52]} 18. h5 {[%emt 0:01:11]} b4 {[%emt 0:00:36]} 19. axb4 {[%emt 0:01:20]} cxb4 {[%emt 0:00:25]} 20. Na4 {[%emt 0:00:11]} Nd7 {[%emt 0:00:58]} 21. g6 {[%emt 0:00:47]} Nef6 {[%emt 0:01:48]} 22. gxh7+ {[%emt 0:02:00]} Kxh7 {[%emt 0:01:40]} 23. Bg5 {[%emt 0:24:21]} Rac8 {[%emt 0:01:18]} 24. c3 {[%emt 0:00:51]} Qc4 {[%emt 0:00:33]} 25. Qf3 {[%emt 0:04:52]} Rce8 {[%emt 0:05:10]} 26. Qf5+ {[%emt 0:04:25]} Kh8 {[%emt 0:01:45]} 27. Re3 {[%emt 0:03:57]} Rb8 {[%emt 0:10:58]} 28. Nf3 {[%emt 0:06:07]} bxc3 {[%emt 0:02:01]} 29. Rxc3 {[%emt 0:01:30]} Qb4 {[%emt 0:01:21]} 30. Kf1 {[%emt 0:03:16]} Rfe8 {[%emt 0:01:36]} 31. Bxf6 {[%emt 0:01:11]} Nxf6 {[%emt 0:00:42]} 32. Ng5 {[%emt 0:00:09]} Qb5+ {[%emt 0:00:33]} 33. Kg2 {[%emt 0:00:28]} Qe2 {[%emt 0:07:03]} 34. Nxf7+ {[%emt 0:06:44]} Kg8 {[%emt 0:00:10]} 35. Ng5 {[%emt 0:08:45]} Qg4+ {[%emt 0:01:27]} 36. Qxg4 {[%emt 0:00:44]} Nxg4 {[%emt 0:00:03]} 37. Ne6 {[%emt 0:01:19]} Nh6 {[%emt 0:10:25]} 38. Rc6 {[%emt 0:01:05]} Rb4 {[%emt 0:02:46]} 39. f3 {[%emt 0:00:41]} a5 {[%emt 0:00:38]} 40. Kf2 {[%emt 0:00:00]} Nf7 {[%emt 0:06:03]} 41. Rc2 {[%emt 0:10:40]} Ng5 {[%emt 0:03:29]} 42. Nxg5 {[%emt 0:01:01]} Bxg5 {[%emt 0:00:01]} 43. Kg3 {[%emt 0:02:40]} Kh7 {[%emt 0:02:10]} 44. Kg4 {[%emt 0:00:40]} Be7 {[%emt 0:09:35]} 45. Nc3 {[%emt 0:00:41]} Ra8 {[%emt 0:08:21]} 46. Ne2 {[%emt 0:00:35]} Ra7 {[%emt 0:01:46]} 47. Ng3 {[%emt 0:00:16]} Bd8 {[%emt 0:03:39]} 48. Nf5 {[%emt 0:00:38]} Rd7 {[%emt 0:05:36]} 49. Ra3 {[%emt 0:00:26]} Bb6 {[%emt 0:01:01]} 50. Ne3 {[%emt 0:03:04]} a4 {[%emt 0:00:18]} 51. Nf5 {[%emt 0:04:13]} Bc5 {[%emt 0:00:08]} 52. Rac3 {[%emt 0:00:57]} Rdb7 {[%emt 0:00:21]} 53. Rc4 {[%emt 0:01:25]} Rxc4 {[%emt 0:00:41]} 54. Rxc4 {[%emt 0:00:01]} Rxb2 {[%emt 0:00:01]} 55. Rxa4 {[%emt 0:00:10]} Rg2+ {[%emt 0:00:07]} 56. Kh3 {[%emt 0:00:02]} Rg5 {[%emt 0:03:37]} 57. Kh4 {[%emt 0:00:34]} Rg1 {[%emt 0:00:01]} 58. Ra8 {[%emt 0:04:01]} Rh1+ {[%emt 0:00:55] [#]} 59. Kg4 $1 {[%emt 0:00:53]} Rg1+ {[%emt 0:00:10] [#]} 60. Kh3 $1 {[%emt 0:00:33]} Rh1+ {[%emt 0:00:02] [#]} 61. Kg3 {[%emt 0:00:45]} ({Better is} 61. Kg2 $1 $16 {[%cal Rg2h1]} Rxh5 62. Rd8) 61... Rxh5 {[%emt 0:00:42]} 62. Rd8 {[%emt 0:00:13]} Rg5+ {[%emt 0:00:07]} 63. Kh4 {[%emt 0:00:05]} Rg6 {[%emt 0:00:25]} 64. Kh5 {[%emt 0:00:37]} Rf6 {[%emt 0:01:07]} 65. Rd7 {[%emt 0:00:17]} Rg6 {[%emt 0:00:24]} 66. Re7 {[%emt 0:00:45]} Bb4 {[%emt 0:02:28]} (66... Rg1 $14) 67. Re6 {[%emt 0:01:13]} Rf6 {[%emt 0:00:19]} 68. Kg5 {[%emt 0:01:08]} Bd2+ {[%emt 0:00:23]} 69. Kg4 {[%emt 0:00:05]} Bb4 {[%emt 0:00:15]} 70. Re7 {[%emt 0:05:11]} Rg6+ {[%emt 0:00:16]} 71. Kh5 {[%emt 0:00:14]} Rg1 {[%emt 0:02:16]} 72. Rd7 {[%emt 0:01:14]} Rg6 {[%emt 0:00:30]} 73. Rd8 {[%emt 0:01:54]} Rf6 {[%emt 0:01:18]} 74. Kg4 {[%emt 0:00:36]} Rg6+ {[%emt 0:00:04]} 75. Kh3 {[%emt 0:00:25]} Ba3 {[%emt 0:00:16]} 76. Ne3 {[%emt 0:00:30]} Bc5 {[%emt 0:00:39]} 77. Ng4 {[%emt 0:00:10]} Bb4 {[%emt 0:00:33]} 78. Kh4 {[%emt 0:00:24]} Be1+ {[%emt 0:00:12]} 79. Kh5 {[%emt 0:00:30]} Bd2 {[%emt 0:01:22]} 80. Rh8+ {[%emt 0:00:57]} Kxh8 {[%emt 0:00:01]} 81. Kxg6 {[%emt 0:00:04]} Kg8 {[%emt 0:00:05]} 82. Nf2 {[%emt 0:00:16]} Kf8 {[%emt 0:00:29]} 83. Nh3 {[%emt 0:00:15]} Be3 {[%emt 0:00:33]} 84. Ng5 {[%emt 0:05:05]} Bxg5 {[%emt 0:00:19]} 85. Kxg5 {[%emt 0:00:06]} Kf7 {[%emt 0:00:00]} 86. Kf5 {[%emt 0:00:18]} g6+ 87. Kg5 {[%emt 0:00:06]} Kg7 {[%emt 0:00:24]} 88. Kh4 {[%emt 0:00:15]} Kh7 {[%emt 0:01:35]} 89. Kg3 {[%emt 0:04:02]} Kg7 {[%emt 0:01:17]} 90. Kg4 {[%emt 0:00:24]} Kf6 {[%emt 0:02:00]} 91. Kh4 {[%emt 0:00:06]} Kf7 {[%emt 0:00:17]} 92. Kg3 {[%emt 0:01:12]} Kf6 {[%emt 0:00:54]} 93. Kf2 {[%emt 0:00:31]} Kf7 {[%emt 0:01:43]} 94. Ke3 {[%emt 0:00:11]} Kf6 {[%emt 0:00:04]} 95. Kd3 {[%emt 0:00:57]} Kg5 $1 {[%emt 0:00:53]} 96. Kc4 {[%emt 0:00:06]} Kf4 {[%emt 0:00:01]} 97. Kb5 {[%emt 0:00:05]} Kxf3 {[%emt 0:00:01]} 98. Kc6 {[%emt 0:00:06]} g5 {[%emt 0:00:05]} 99. Kxd6 {[%emt 0:00:05]} g4 {[%emt 0:00:01]} 100. Kxe5 {[%emt 0:00:08]} g3 {[%emt 0:00:03]} 101. d6 {[%emt 0:00:10]} g2 {[%emt 0:00:10]} 102. d7 {[%emt 0:00:25]} g1=Q {[%emt 0:00:04]} 103. d8=Q {[%emt 0:00:02]} Qg7+ {[%emt 0:01:32]} 104. Qf6+ {[%emt 0:03:14]} Qxf6+ {[%emt 0:00:04]} 105. Kxf6 {[%emt 0:00:08]} Kxe4 $11 {[%emt 0:00:02] Ke5+} 1/2-1/2

[Event "36th Balaton Open A 2018"]
[Site "Balatonlelle"]
[Date "2018.06.14"]
[Round "3"]
[White "Trajber, Csaba Dr"]
[Black "Terbe, Julianna"]
[Result "0-1"]
[WhiteElo "2029"]
[BlackElo "2242"]
[Annotator "NA"]
[PlyCount "92"]
[EventDate "2018.06.12"]
[EventType "swiss"]
[EventCountry "HUN"]
[SourceTitle "playchess.com"]
[Source "ChessBase"]
[SourceQuality "1"]
[TimeControl "40/5400+30:1800+30"]

1. e4 {[%emt 0:07:24]} e5 {[%emt 0:00:36]} 2. Nf3 {[%emt 0:00:02]} Nc6 {[%emt 0:00:06]} 3. Bb5 {[%emt 0:00:25]} a6 {[%emt 0:00:11]} 4. Ba4 {[%emt 0:00:17]} Nf6 {[%emt 0:00:12]} 5. d3 {[%emt 0:01:00]} d6 {[%emt 0:01:10]} 6. c3 {[%emt 0:01:39]} g6 {[%emt 0:00:30]} 7. Bg5 {[%emt 0:00:30]} Bg7 {[%emt 0:00:30]} 8. O-O {[%emt 0:00:30]} O-O {[%emt 0:01:54]} 9. Qd2 {[%emt 0:03:25]} Re8 {[%emt 0:03:48]} 10. Re1 {[%emt 0:02:34]} Bg4 {[%emt 0:04:59]} 11. Bd1 {[%emt 0:01:02]} d5 {[%emt 0:05:02]} 12. Qe3 {[%emt 0:16:10]} d4 {[%emt 0:15:05]} 13. Qd2 {[%emt 0:01:52]} Qd6 {[%emt 0:03:51] [#]} 14. h3 $15 {[%emt 0:04:46]} (14. Nxd4 $1 $11 {[%mdl 512]} exd4 (14... Nxd4 15. Bxf6) 15. Bxf6) 14... Be6 {[%emt 0:03:59]} 15. cxd4 {[%emt 0:11:03]} Nxd4 {[%emt 0:00:30]} 16. Nxd4 {[%emt 0:00:15]} Qxd4 {[%emt 0:00:15]} 17. Nc3 {[%emt 0:01:03]} Rad8 {[%emt 0:03:58]} 18. Be2 {[%emt 0:01:27]} b5 {[%emt 0:02:06]} 19. Be3 {[%emt 0:10:18]} Qd6 {[%emt 0:01:14]} 20. Red1 {[%emt 0:03:20]} c5 {[%emt 0:01:28]} 21. Qc1 {[%emt 0:06:15]} Rc8 {[%emt 0:02:33]} 22. b3 {[%emt 0:02:37]} Nd7 {[%emt 0:04:20]} 23. Qc2 {[%emt 0:03:53]} Nb8 {[%emt 0:01:55]} 24. Rac1 {[%emt 0:03:47]} Nc6 {[%emt 0:02:08]} 25. Qb2 {[%emt 0:03:10]} Nd4 {[%emt 0:01:27]} 26. Bf1 {[%emt 0:00:19]} Rc6 {[%emt 0:04:24]} 27. Ne2 {[%emt 0:01:58]} Rec8 {[%emt 0:01:27]} 28. Bxd4 {[%emt 0:04:19]} cxd4 {[%emt 0:02:16]} 29. Rxc6 {[%emt 0:01:37]} Rxc6 {[%emt 0:00:08]} 30. Rc1 {[%emt 0:00:15]} a5 {[%emt 0:00:19]} 31. Rxc6 {[%emt 0:02:42]} Qxc6 {[%emt 0:00:05]} 32. Qd2 {[%emt 0:02:40]} a4 {[%emt 0:00:42]} 33. bxa4 {[%emt 0:00:47]} bxa4 {[%emt 0:00:06]} 34. f4 {[%emt 0:02:28]} f6 {[%emt 0:00:48]} 35. fxe5 {[%emt 0:00:53]} fxe5 {[%emt 0:00:06]} 36. Qb2 {[%emt 0:00:34]} Bf8 {[%emt 0:00:57]} 37. Qb8 {[%emt 0:00:31]} Qc5 {[%emt 0:03:10]} 38. Qe8 {[%emt 0:00:22]} Bxa2 {[%emt 0:04:39]} 39. Qxa4 {[%emt 0:00:05]} Bf7 {[%emt 0:00:08]} 40. Qd7 {[%emt 0:00:00]} Bh6 {[%emt 0:01:23]} 41. Qg4 {[%emt 0:07:04]} Qc2 {[%emt 0:01:37]} 42. Ng3 {[%emt 0:02:10]} Be3+ {[%emt 0:00:10]} 43. Kh2 {[%emt 0:05:41]} Qf2 {[%emt 0:03:53]} 44. Nh5 {[%emt 0:06:24]} h6 {[%emt 0:01:09]} 45. Be2 {[%emt 0:01:59]} Qg1+ {[%emt 0:00:10]} 46. Kg3 {[%emt 0:00:16]} Qe1+ {[%emt 0:00:05]} 0-1

[Event "36th Balaton Open A 2018"]
[Site "Balatonlelle"]
[Date "2018.06.14"]
[Round "3"]
[White "Radics, Laszlo Dr"]
[Black "Sardy, Peter"]
[Result "0-1"]
[WhiteElo "1909"]
[BlackElo "2340"]
[Annotator "NA"]
[PlyCount "112"]
[EventDate "2018.06.12"]
[EventType "swiss"]
[EventCountry "HUN"]
[SourceTitle "playchess.com"]
[Source "ChessBase"]
[SourceQuality "1"]
[TimeControl "40/5400+30:1800+30"]

1. e4 {[%emt 0:00:06]} c5 {[%emt 0:00:37]} 2. c4 {[%emt 0:00:30]} Nc6 {[%emt 0:01:27]} 3. Nc3 {[%emt 0:01:01]} g6 {[%emt 0:03:26]} 4. g3 {[%emt 0:00:35]} Bg7 {[%emt 0:00:38]} 5. Bg2 {[%emt 0:00:19]} e6 {[%emt 0:01:36]} 6. d3 {[%emt 0:00:42]} Nge7 {[%emt 0:01:21]} 7. Nge2 {[%emt 0:00:21]} d6 {[%emt 0:00:54]} 8. Rb1 {[%emt 0:00:58]} O-O {[%emt 0:03:21]} 9. O-O {[%emt 0:00:27]} Rb8 {[%emt 0:16:00]} 10. Be3 {[%emt 0:06:44]} Nd4 {[%emt 0:14:02]} 11. b4 {[%emt 0:04:54]} b6 {[%emt 0:06:26]} 12. Bxd4 {[%emt 0:07:26]} cxd4 {[%emt 0:07:28]} 13. Nb5 {[%emt 0:00:32]} Nc6 {[%emt 0:00:04]} 14. Na3 {[%emt 0:00:23]} e5 {[%emt 0:01:28]} 15. b5 {[%emt 0:01:17]} Ne7 {[%emt 0:00:33]} 16. Nc2 {[%emt 0:01:44]} f5 {[%emt 0:01:37]} 17. f4 {[%emt 0:01:17]} fxe4 {[%emt 0:06:37]} 18. Bxe4 {[%emt 0:00:36]} Bh3 {[%emt 0:00:14]} 19. Bg2 {[%emt 0:01:11]} Bxg2 {[%emt 0:02:43]} 20. Kxg2 {[%emt 0:00:13]} Nf5 {[%emt 0:00:23]} 21. Qe1 {[%emt 0:03:11]} d5 {[%emt 0:00:54]} 22. Rd1 {[%emt 0:02:55]} dxc4 {[%emt 0:02:46]} 23. fxe5 {[%emt 0:01:02]} Qd5+ {[%emt 0:04:53]} 24. Kg1 {[%emt 0:00:44]} cxd3 {[%emt 0:02:52]} 25. Rxd3 {[%emt 0:00:29]} Qxb5 {[%emt 0:00:26]} 26. Nf4 {[%emt 0:04:36]} Qxe5 {[%emt 0:03:15]} 27. Ne6 {[%emt 0:00:24]} Rfe8 {[%emt 0:04:58]} 28. Nxg7 {[%emt 0:03:50]} Qxe1 {[%emt 0:05:58]} 29. Rxe1 {[%emt 0:02:01]} Rxe1+ {[%emt 0:02:24]} 30. Nxe1 {[%emt 0:00:08]} Nxg7 {[%emt 0:01:45]} 31. Rxd4 {[%emt 0:00:26]} Rb7 {[%emt 0:01:21]} 32. Rd8+ {[%emt 0:05:12]} Kf7 {[%emt 0:00:02]} 33. Rh8 {[%emt 0:01:49]} h5 {[%emt 0:00:24]} 34. Kf2 {[%emt 0:02:16]} Rc7 {[%emt 0:01:15]} 35. Kf3 {[%emt 0:01:00]} Rc3+ {[%emt 0:00:30]} 36. Ke4 {[%emt 0:00:29]} Ra3 {[%emt 0:00:32]} 37. Nd3 {[%emt 0:00:21]} Rxa2 {[%emt 0:00:40]} 38. Ne5+ {[%emt 0:00:25]} Ke6 {[%emt 0:00:26]} 39. Nxg6 {[%emt 0:00:27]} Rxh2 {[%emt 0:01:09]} 40. Nf4+ {[%emt 0:00:00]} Kf7 {[%emt 0:01:54]} 41. Rc8 {[%emt 0:01:41]} Ne6 {[%emt 0:01:30]} 42. Nd3 {[%emt 0:01:29]} Ke7 {[%emt 0:01:49]} 43. Rh8 {[%emt 0:01:00]} Kd6 {[%emt 0:00:24]} 44. Rh6 {[%emt 0:00:42]} Rh1 {[%emt 0:04:26]} 45. Nf4 {[%emt 0:02:59]} Re1+ {[%emt 0:00:11]} 46. Kf3 {[%emt 0:00:42]} a5 {[%emt 0:01:27]} 47. Nxh5 {[%emt 0:01:07]} a4 {[%emt 0:00:32]} 48. Kf2 {[%emt 0:01:54]} Re5 {[%emt 0:00:28]} 49. Nf4 {[%emt 0:01:58]} a3 {[%emt 0:00:54]} 50. Rh1 {[%emt 0:00:44]} Nxf4 {[%emt 0:03:16]} 51. gxf4 {[%emt 0:00:12]} Ra5 {[%emt 0:00:27]} 52. Ke3 {[%emt 0:01:12]} a2 {[%emt 0:00:22]} 53. Ra1 {[%emt 0:00:05]} Kc5 {[%emt 0:00:26]} 54. f5 {[%emt 0:01:11]} Kb4 {[%emt 0:00:07]} 55. f6 {[%emt 0:01:25]} Kb3 {[%emt 0:00:11]} 56. f7 {[%emt 0:00:33]} Rf5 {[%emt 0:00:22]} 0-1

[Event "36th Balaton Open A 2018"]
[Site "Balatonlelle"]
[Date "2018.06.15"]
[Round "4"]
[White "Sardy, Peter"]
[Black "Ronce, Nathan"]
[Result "1-0"]
[WhiteElo "2340"]
[BlackElo "2210"]
[Annotator "TA"]
[PlyCount "99"]
[EventDate "2018.06.12"]
[EventType "swiss"]
[EventCountry "HUN"]
[SourceTitle "playchess.com"]
[Source "ChessBase"]
[SourceQuality "1"]

{[%evp 9,99,88,98,91,102,104,93,85,102,98,130,109,158,157,161,133,134,124,127,75,140,143,134,109,147,143,139,152,150,147,153,143,142,133,154,126,145,134,141,121,158,174,176,182,177,166,181,177,184,174,313,334,319,319,322,319,375,372,481,489,472,401,483,472,519,513,402,471,502,470,447,460,558,573,683,685,661,685,665,663,779,765,824,787,1318,1250,1101,1070,1246,1241,29996,29997]} 1. e4 d5 2. exd5 Nf6 3. Bb5+ c6 (3... Bd7 4. Bc4 Bg4 5. f3 Bf5 6. Nc3 Nbd7 7. g4 Nb6 8. b3 Bc8 9. Bb2 Nfxd5 10. Nxd5 Nxd5 11. Qe2 e6 12. O-O-O b6 13. Nh3 Bb7 14. f4 Bd6 15. f5 Qe7 16. Bxg7 {1-0 (40) Caruana,F (2795)-Akobian,V (2615) Saint Louis 2016}) 4. dxc6 Nxc6 5. Nf3 Qb6 6. Nc3 {B01: Skandinavische Verteidigung} Bg4 7. h3 Bh5 8. d3 $146 {Weiß steht besser.} ({Vorgänger:} 8. g4 Bg6 9. Ne5 Be4 10. f3 a6 11. Ba4 Qc7 12. Nxe4 Nxe4 13. fxe4 Qxe5 {½-½ (87) Sieber,F (2133)-Waechter,N (1964) Willingen 2016}) 8... O-O-O 9. Be3 Qc7 10. Bxc6 bxc6 11. Qe2 e5 12. O-O-O Bb4 13. Bd2 Rhe8 14. a3 (14. Rhe1 $142) 14... Bf8 (14... Bxc3 $142 15. Bxc3 Nd5) 15. g4 {[%cal Bg2g4,Bg4g5][%mdl 32]} Bg6 16. g5 Nd7 {[%cal Bf6d7,Bd7b6,Bb6d5,Bd5c7,Bc7b5,Bb5d4][%mdl 32]} 17. Nh4 Kb8 18. Nxg6 hxg6 19. Qg4 Ka8 20. Qc4 Nb6 21. Qa6 Nd5 22. Rhe1 Rb8 23. Na4 Qd7 24. Re4 Nc7 25. Qc4 Nb5 26. Nc5 Qc8 {Die Idee ist ...Sd6.} 27. Rg4 Nd4 28. Be3 Nf5 29. b4 Rb5 (29... Nd6 {kämpft weiter.} 30. Qb3 Rd8) 30. Qxf7 $18 Nxe3 31. fxe3 Bxc5 32. bxc5 Rf8 33. Qxg7 Rf2 34. Qxe5 Rf5 35. Qe7 Qa6 36. Rf4 Rb7 37. Qe8+ Rb8 38. Qxg6 Qxa3+ 39. Kd2 Rxc5 40. Rc1 Qa5+ 41. Kd1 Qd8 42. h4 Qd7 43. Qe4 Re8 44. Qf3 Rd5 45. e4 Rd4 46. Ra1 Re7 47. Rf8+ Kb7 48. Rb1+ Ka6 49. Rfb8 {Weiss droht Ta1+ und Matt.} Rexe4 {[#]} 50. Qxe4 $1 {[%mdl 512] Precision: Weiß = 77%, Schwarz = 44%.} 1-0

[Event "36th Balaton Open A 2018"]
[Site "Balatonlelle"]
[Date "2018.06.15"]
[Round "4"]
[White "Nagy, Daniel"]
[Black "Forgacs, Jozsef"]
[Result "1-0"]
[WhiteElo "2312"]
[BlackElo "2199"]
[Annotator "NA"]
[PlyCount "95"]
[EventDate "2018.06.12"]
[EventType "swiss"]
[EventCountry "HUN"]
[SourceTitle "playchess.com"]
[Source "ChessBase"]
[SourceQuality "1"]
[TimeControl "40/5400+30:1800+30"]

1. d4 {[%emt 0:00:03]} e6 {[%emt 0:00:44]} 2. Nf3 {[%emt 0:00:06]} f5 {[%emt 0:00:09]} 3. g3 {[%emt 0:00:17]} Nf6 {[%emt 0:00:08]} 4. Bg2 {[%emt 0:00:06]} d5 {[%emt 0:00:06]} 5. O-O {[%emt 0:00:10]} Bd6 {[%emt 0:00:06]} 6. c4 {[%emt 0:00:23]} c6 {[%emt 0:00:08]} 7. Nc3 {[%emt 0:00:06]} O-O {[%emt 0:00:40]} 8. Qc2 {[%emt 0:00:13]} Ne4 {[%emt 0:00:46]} 9. Rb1 {[%emt 0:00:07]} Qe7 {[%emt 0:00:29]} 10. b4 {[%emt 0:00:37]} Nxc3 {[%emt 0:06:01]} 11. Qxc3 {[%emt 0:00:21]} b5 {[%emt 0:01:32]} 12. cxb5 {[%emt 0:00:52]} cxb5 {[%emt 0:00:36]} 13. Bf4 {[%emt 0:00:54]} Bxf4 {[%emt 0:10:08]} 14. gxf4 {[%emt 0:00:47]} Bd7 {[%emt 0:01:53]} 15. Qc5 {[%emt 0:06:19]} Qxc5 {[%emt 0:04:19]} 16. bxc5 {[%emt 0:00:52]} a6 {[%emt 0:05:00]} 17. Ne5 {[%emt 0:02:40]} Rd8 {[%emt 0:06:55]} 18. e3 {[%emt 0:25:17]} Nc6 {[%emt 0:03:54]} 19. Rfc1 {[%emt 0:00:31]} Nxe5 {[%emt 0:00:34]} 20. fxe5 {[%emt 0:00:09]} g5 {[%emt 0:10:40]} 21. Bf1 {[%emt 0:06:23]} Bc6 {[%emt 0:04:35]} 22. Rc3 {[%emt 0:05:52]} Kf7 {[%emt 0:02:46]} 23. f3 {[%emt 0:10:52]} Ke7 {[%emt 0:00:19]} 24. Rcb3 {[%emt 0:05:45]} Kd7 {[%emt 0:03:24]} 25. Kf2 {[%emt 0:02:48]} Kc7 {[%emt 0:00:25]} 26. Bd3 {[%emt 0:00:25]} Rg8 {[%emt 0:05:28]} 27. Rg1 {[%emt 0:05:13]} h6 {[%emt 0:06:43]} 28. Rbb1 {[%emt 0:01:13]} Rab8 {[%emt 0:01:44]} 29. h4 {[%emt 0:04:34]} a5 {[%emt 0:06:02]} 30. hxg5 {[%emt 0:01:12]} hxg5 {[%emt 0:00:07]} 31. Rh1 {[%emt 0:00:28]} Rg7 {[%emt 0:04:06]} 32. Rh6 {[%emt 0:00:34]} Kd7 {[%emt 0:00:16]} 33. Rbh1 {[%emt 0:02:56]} b4 {[%emt 0:00:32]} 34. Rh8 {[%emt 0:06:19]} Rxh8 {[%emt 0:03:58]} 35. Rxh8 {[%emt 0:00:02]} Kc7 {[%emt 0:01:26]} 36. Ba6 {[%emt 0:01:06]} Bd7 {[%emt 0:07:37]} 37. Ra8 {[%emt 0:00:59]} g4 {[%emt 0:02:00]} 38. Ra7+ {[%emt 0:01:01]} Kc6 {[%emt 0:00:02]} 39. Be2 {[%emt 0:05:30]} gxf3 {[%emt 0:00:56]} 40. Kxf3 {[%emt 0:00:00]} Rh7 {[%emt 0:00:49]} 41. Bd1 {[%emt 0:06:19]} Kb5 {[%emt 0:02:12]} 42. c6 {[%emt 0:01:07]} Kxc6 {[%emt 0:00:19]} 43. Ba4+ {[%emt 0:00:03]} Kb6 {[%emt 0:00:07]} 44. Rxd7 {[%emt 0:00:08]} Rh2 {[%emt 0:00:17]} 45. Rd6+ {[%emt 0:01:57]} Kb7 {[%emt 0:01:05]} 46. Rxe6 {[%emt 0:01:18]} Rxa2 {[%emt 0:00:11]} 47. Bb3 {[%emt 0:00:04]} Ra3 {[%emt 0:00:25]} 48. Bxd5+ {[%emt 0:00:06]} 1-0

[Event "36th Balaton Open A 2018"]
[Site "Balatonlelle"]
[Date "2018.06.15"]
[Round "4"]
[White "Terbe, Julianna"]
[Black "Haszon, David"]
[Result "1/2-1/2"]
[WhiteElo "2242"]
[BlackElo "2246"]
[Annotator "TA"]
[PlyCount "99"]
[EventDate "2018.06.12"]
[EventType "swiss"]
[EventCountry "HUN"]
[SourceTitle "playchess.com"]
[Source "ChessBase"]
[SourceQuality "1"]

{[%evp 21,99,38,31,0,31,0,0,0,4,0,30,13,20,20,10,6,12,16,14,10,8,11,14,0,0,-46,-18,-133,-86,-233,0,0,0,0,0,-8,-16,-37,-38,-121,-111,-115,-116,-163,-159,-163,-163,-162,-159,-163,-164,-157,-160,-174,-132,-152,-137,-126,-101,-99,0,0,0,0,0,0,0,0,0,0,0,-996,-992,-733,0,0,0,0,0,0]} 1. Nf3 Nf6 2. g3 g6 3. Bg2 Bg7 4. d4 O-O 5. c4 d5 6. O-O dxc4 7. Na3 {[%cal Bb1a3,Ba3c4,Bc4e5][%mdl 32]} c3 8. bxc3 c5 9. e3 Nc6 10. Bb2 Bg4 {D77: Fianchetto Grünfeld: 6 0-0: Replies other than 6...c6} 11. h3 Bf5 {LiveBook: 3 Games} 12. Nc4 $146 ({Predecessor:} 12. Qe2 Qc8 13. Kh2 Be4 14. Rfd1 Rd8 15. Rac1 a6 16. Nc4 Qc7 17. Ncd2 Bf5 18. e4 {1-0 (38) Radjabov,T (2738)-Agrest,E (2596) Berlin 2015}) 12... Be4 13. Qe2 cxd4 14. exd4 Rc8 15. Rfe1 Re8 16. Rad1 Bd5 17. Nce5 Na5 18. Ng5 Bxg2 19. Kxg2 {aiming for d5.} Qd5+ 20. Kg1 Rf8 21. Ba3 h6 22. Ngxf7 Rxf7 23. Nxg6 Nc6 24. Qd3 (24. Ne5 $11 {keeps the balance.} Rff8 25. Ng6) 24... Qxa2 25. Bxe7 (25. c4 $17 Ng4 26. Re2 Nxf2 27. Rxa2 Nxd3 28. Rxd3) 25... Re8 $2 (25... Nd5 $19 26. Rd2 Qa5) 26. Bxf6 $11 Rxe1+ 27. Rxe1 {Intending Re8+ and mate.} Rxf6 28. Nf4 {Threatens to win with d5.} Qf7 29. Qe2 Rf5 30. Ne6 {[#]} (30. Qg4 $15) 30... Ne5 $1 $17 {[%mdl 512]} 31. Nf4 (31. dxe5 Qxe6) 31... Ng6 32. Nxg6 Qxg6 33. Qa2+ Qf7 34. Re8+ Kh7 35. Qc2 Qg6 36. Qe2 Rf7 37. h4 Qf5 38. g4 Qb1+ 39. Kg2 Bf6 40. g5 Qg6 ({Black should play} 40... Bg7 $17 {Strongly threatening ...Qf5.} 41. Re4 Rf8) 41. f4 $11 hxg5 42. hxg5 {[#]} Bxg5 $1 {[%mdl 512]} 43. fxg5 Qxg5+ {[%mdl 4096] Endgame KQR-KQR} 44. Kh3 $1 Qh6+ 45. Kg2 Rg7+ 46. Kf3 $2 {[%mdl 8192]} (46. Kf2 $11 Qh4+ 47. Ke3) 46... Qh5+ $19 47. Kf2 {[#]} Qh2+ $2 ({Worse is} 47... Qh4+ 48. Ke3 $11) ({Better is} 47... Qf7+ $1 $19 48. Ke1 Rg1+ 49. Kd2 {[#]} Rg2 $1 {[%mdl 512]} 50. Qxg2 Qa2+ 51. Ke3 Qxg2) 48. Ke3 {The position is equal.} Rg3+ 49. Kd2 $1 Rg2 50. Re7+ {Precision: White = 42%, Black = 65%.} 1/2-1/2